000 00811nam a2200241Ia 4500
003 OSt
005 20220930193957.0
006 a|||||r|||| 00| 0
007 ta
008 220926b |||||||| |||| 00| 0 eng d
024 _a12214
037 _cDissertations
040 _aCRL
_cCRL
_beng
041 _2eng
_aeng
100 _aSindhu Mohindra Singh
_9562873
110 _aUniversity of Delhi. Faculty of Arts. Department of Library and Information Science
_9519370
245 0 _aAcademic status for professional staff of University Libraries
_b U.S.A. and India
260 _c1974
650 _aLIBRARY SCIENCE
700 _aUniversity of Delhi. Faculty of Arts. Department of Library and Information Science
_9519372
942 _cDIS
_2CC
999 _c897168
_d897168